Statistics for USA city picture quiz

Click here to take the quiz!

General Stats

  • This quiz has been taken 44 times
  • The average score is 10 of 14

Answer Stats

Answer% Correct
New york
100%
Las Vegas
95%
Seattle
90%
Washington D.C.
90%
St Louis
82%
Chicago
77%
Miami
77%
San Francisco
74%
Honolulu
72%
Philadelphia
69%
Los angeles
56%
Salt Lake City
51%
Atlanta
49%
Nashville
26%

Score Distribution

Percentile by Number Answered

Percent of People with Each Score

Your Score History

You have not taken this quiz